| 000 | 01112nac a22002771i 4500 | ||
|---|---|---|---|
| 003 | EG-ScBUE | ||
| 005 | 20240813111938.0 | ||
| 008 | 121122s1986 ua ab f b 000 0 ara d | ||
| 017 | _a1986 / 2518 | ||
| 020 | _a9770109428 | ||
| 040 |
_aEG-ScBUE _bara _erda _cEG-ScBUE _dEG-ScBUE |
||
| 043 | _af-ua--- | ||
| 082 | 0 | 4 |
_a962.16 _bم ح م _222 |
| 100 | 1 |
_aمحمد، محمد كمال السيد، _eمؤلف. _931384 |
|
| 245 | 1 | 0 |
_aأسماء ومسميات : _bمن تاريخ مصر - القاهرة / _cتأليف محمد كمال السيد محمد. |
| 264 | 1 |
_aالقاهرة : _bالهيئة المصرية العامة للكتاب، _c1986. |
|
| 300 |
_a512 صفحة : _bإيضاحيات، خرائط ؛ _c24 سم |
||
| 336 |
_2rdacontent _aنص _btxt |
||
| 337 |
_aبدون وسيط _2rdamedia _bn |
||
| 338 |
_aمجلد _bnc _2rdacarrier |
||
| 504 | _aيشتمل على إرجاعات ببليوجرافية. | ||
| 651 | 7 |
_aالقاهرة _xوصف ورحلات. _2BUEsh _931385 |
|
| 651 | 7 |
_aالقاهرة _xالمبانى التاريخية. _2BUEsh _931386 |
|
| 655 | _vReading book | ||
| 942 |
_cBB _2ddc |
||
| 999 |
_c7165 _d7165 |
||